Spotkanie /

I tiakina i:
Ngā taipitopito rārangi puna kōrero
Hōputu: Tāhiko
Reo:Pōrihi
I whakaputaina: Otwock : "Pol-Nordica", cop. 2003.
Rangatū:Miasteczko Bergfoss 1
Ngā Tūtohu: Tāpirihia he Tūtohu
Kāore He Tūtohu, Me noho koe te mea tuatahi ki te tūtohu i tēnei pūkete!

MARC

LEADER 00000am|aa2200000i||4500
001 9913553373205606
005 20260515140227.0
008 260426t pl ||||| |||| 00| u pol d
020 |a 8372641374 
035 |a 990002073030108206-48omnis_network 
035 |a (Aleph)000207303UOP01 
035 |a (PL)b0001280118125 
040 |a OP 002  |c OP 002 
041 0 |a pol 
090 |c 89  |d 88 
245 1 0 |a Spotkanie / 
260 |a Otwock :  |b "Pol-Nordica",  |c cop. 2003. 
300 |a 199, [1] s. ;  |c 19 cm. 
490 1 |a Miasteczko Bergfoss  |v 1 
700 1
920 |a 83-7264-137-4{} 
942 |c K 
952 |0 0  |1 0  |4 0  |6 R__70_000000000000000  |7 0  |9 86  |a RYT  |b RYT  |d 2026-04-26  |e 1/2026  |g 10.00  |l 0  |o R.70  |p 2000000000701  |r 2026-05-15 14:02:27  |w 2026-05-15  |y BK  |z da 
999 |c 86  |d 86